00703nam a2200217Ia 4500003000400000005001700004008004100021020001500062040000700077041000800084082001700092100002700109245005400136260004100190300001600231365001300247906005700260942001200317999001900329952013700348OSt20230328102314.0210423s2002 xx 000 0 und d a8170337275 cAL aeng a820.954 KUOJ aKUORTTI (Joel).978672 aIndian womens writing in english: a bibliography. aNew DelhibReed Elsevier Indiac2002 axvi,383bHB b725cINR abibliography. ; english: ; Indian ; womens ; writing 2ddccBK c156167d156167 001040708MAENGaSACPGbSACPGd2008-09-24eKnowledge Worldg725.00l0o820.954 KUOJpPG002640r2022-08-24 00:00:00w2021-04-26yBK